• 首页
  • 本馆介绍
  • 公告通知
  • 最新文献
  • 馆藏检索
  • 电子资源
  • 读者导购
  • 参考咨询
  • 我的图书馆
  • 登录
  • 详细信息显示
  • 放入我的书架
  • 预约/预借图书
  • 作者相关作品
  • 分类相关作品
  • 丛书相关作品
  • 出版社相关作品

书目信息

  • 表格格式
  • 工作单格式
  • 卡片格式
题名:
新型农民科技人才养殖技术
    
 
作者: ;刘永田 主编 ;本书编写组 编
分册:   畜禽养殖员实用技术
出版信息: [北京]   中国科学文化音像出版社  2013
页数: 7册
开本: 21cm
丛书名:
单 册:
中图分类: S815
科图分类:
主题词: 养殖--Yang Zhi--技术培训
电子资源:
ISBN: 978-7-89452-524-6
000 00954nam 2200265 450
001 012015000021
005 20150914164002.10
010    @a978-7-89452-524-6@dCNY16.80
100    @a20131218d2013 ekmy0chiy50 ea
101 0  @achi
102    @aCN@b110000
105    @ak z 000yy
106    @ar
200 1  @a新型农民科技人才养殖技术@AXin Xing Nong Min Ke Ji Ren Cai Yang Zhi Ji Shu@i畜禽养殖员实用技术@f本书编写组编@g刘永田主编
210    @a[北京]@c中国科学文化音像出版社@d2013
215    @a7册@d21cm
314    @a本丛书第二卷责任者为刘永田
327 1  @a村级动物防疫员 ;@a畜禽养殖员实用技术 / 刘永田主编.@a乡村兽医培训教程 ;@a水产动物养殖实用技术 ;@a养猪新技术 ;@a养牛新技术 ;@a养鸡新技术.
517 1  @a畜禽养殖员实用技术
606 0  @a养殖@AYang Zhi@x技术培训
690    @aS815@v5
702  0 @a刘永田@ALiu Yong Tian@4主编
711 02 @a本书编写组@ABen Shu Bian Xie Zu@4编
801  0 @aCN@b碧洲教育@c20150716
905    @a10447@f4@dS815@e110
    
    新型农民科技人才养殖技术.畜禽养殖员实用技术/本书编写组编/刘永田主编.-[北京]:中国科学文化音像出版社,2013
    7册;21cm
    
    部分内容:村级动物防疫员 ;;畜禽养殖员实用技术 / 刘永田主编.;乡村兽医培训教程 ;;水产动物养殖实用技术 ;;养猪新技术 ;;养牛新技术 ;;养鸡新技术.
    ISBN 978-7-89452-524-6:CNY16.80
    
●
相关链接 在E读中查询图书 在五车中查询图书 在当当中查询图书 在豆瓣中查询图书


正题名:新型农民科技人才养殖技术     索取号:S815/110         预约/预借

序号 登录号 条形码 馆藏地/架位号 状态 备注
1 0870916   208709165   第二样本阅览室/ [索取号:S815/110] 在馆    
2 0870917   208709174   第三借阅区/ [索取号:S815/110] 在馆    
3 0870918   208709183   密集书库-生命科学系/ [索取号:S815/110] 在馆    
4 0870919   208709192   第三借阅区/ [索取号:S815/110] 在馆    
唐山师范学院图书馆 欢迎您!
大连网信软件有限公司© 版权所有